Every Character In Percy Jackson And The Olympians By Letter-G - Statistics

General Stats
  • This quiz has been taken 11 times
  • The average score is 3 of 7
Answer Stats
Times Mentioned Answer % Correct
1,202 Grover Underwood
100%
74 Gabe Ugliano
78%
9 Gaia
33%
37 George
22%
69 Geryon
22%
9 Gladiola
0%
13 Guido
0%
No matching quizzes found
Score Distribution
Percent of People with Each Score
Percentile by Number Answered
Your Score History
You have not taken this quiz